Responses for Show #4894 - Thursday, December 15, 2005

Contestants

[<< previous game]

Maria Kokiasmenos, a law school graduate from Vernon, Connecticut

Tim Ifill, a nonprofit director from Philadelphia, Pennsylvania

Bill Crowley, a hotel employee from Goderich, Ontario, Canada (whose 1-day cash winnings total $14,600)

[next game >>]

Jeopardy! Round responses

HOOKED ON PHOENICIA
MY FAVORITE FILMS
(Alex: And these are my favorite films!)
COMPUTER TERMS
ON THE JOB TRAINING
THE PRICE IS RIGHT
TIME TO GET A "HEAD"
    $200 8
(Tim: Uh, what is Tyrus?)

Beirut

TimMaria
    $200 1
(Alex: Obviously not one of your favorite films.)

The Wild Bunch

Triple Stumper
    $200 6
disks

Maria
    $200 19
God & the Devil

Maria
    $200 11
Mount Everest

Tim
    $200 9
a head wind

Bill
    $400 24
Alexander the Great

Maria
    $400 2
Lawrence of Arabia

Bill
    $400 7
printing

Tim
    $400 20
Bad Things

Tim
    $400 12
McGwire

Tim
    $400 10
the headliner

Tim
    $600 25
(Bill: What is Salerno?)

Palermo

BillMaria
    $600 3
(Tim: What is Little Big Man?)

Hombre

Tim
Triple Stumper
    $600 28
read-only memory

Tim
    $600 21
his wife

Maria
    $600 13
the auto industry

Tim
    $600 16
headquarters

Bill
    $800 26
Pericles

Triple Stumper
    $800 4
Alien

Bill
    $800 29
(Bill: What is reboot?)

warm boot

Bill
Triple Stumper
    $700 22
Moby Dick

Maria
    $800 14
the Exxon Valdez

Bill
    $800 17
a headmaster

Tim
    $1000 27
the Punic Wars

Bill
    $1000 5
(Alex: "Tell Dada, tell Baby, tell Mama all about it.")

A Place in the Sun

Triple Stumper
    $1000 30
resolution

Tim
    $1000 23
(Maria: What is lament?)

comforter

Maria
Triple Stumper
    $1000 15
Health & Human Services

Maria
    $1000 18
pigheaded

Maria

Scores at the first commercial break (after clue 16):

Bill Tim Maria
$2,800 $1,200 $1,400

Scores at the end of the Jeopardy! Round:

Bill Tim Maria
$2,400 $4,000 $3,900

Double Jeopardy! Round responses

AMERICAN LITERATURE
TOUGH TV
UNDER THE MICROSCOPE
A FOXY CATEGORY
POLITICAL JOHNS
LESSER-KNOWN CONGLOMERATES
(Alex: And all of their ends will end--all of their names will end in "co", like Texaco, for instance. All right? Some of them we have created.)
    $400 1
(Alex: Death in the Afternoon.)

Ernest Hemingway

Maria
    $400 13
Family Feud

Bill
    $400 23
a nucleus

Bill
    $400 6
terrier

Tim
    $400 18
JFK

Bill
    $400 11
Bunco

Triple Stumper
    $800 2
Tom Sawyer

Maria
    $800 14
(Tim: What is Alf?)

Harry and the Hendersons

BillTim
    $800 24
a virus

Maria
    $800 7
(Bill: What is a waltz?)
(Maria: What is a trot? [*]?)

a foxtrot

BillMaria
    $800 19
(John) Kerry

Tim
    $800 12
Fiasco

Triple Stumper
    $1200 3
(Maria: Who is Elmer Gantry?)

(Martin) Arrowsmith

Maria
Triple Stumper
    $1200 15
Jerry Springer

Bill
    $1200 28
leukemia

Maria
    $1200 8
a red fox

Tim
    $1200 20
John C. Fremont

Triple Stumper
    $1,000 25
(Alex: You have that strange look on your face. You probably remember how fun you had with this category a little while ago.)
(Maria: Yes.)

Rococo

Maria
    $1600 4
The House of the Seven Gables

Triple Stumper
    $1600 16
Seinfeld (or I Love Lucy or The Andy Griffith Show)

Bill
    $1600 29
a biopsy

Maria
    $1600 9
Crow

Tim
    $3,000 21
(Tim: Don't got it.)
(Alex: Ah, it was before you were old enough to vote. Who was [*]?)

John Anderson

Tim
    $1600 26
Osso Buco

Maria
    $2000 5
The Heart is a Lonely Hunter

Maria
    $2000 17
Kyra Sedgwick

Maria
    $2000 30
striated

Maria
    $2000 10
(Bill: Who is Vincente Fox?)
(Alex: Yup. No, we're not going to accept that.)

Vicente Fox

BillMaria
    $2000 22
(Maria: Who was John Quincy Adams?)

John Tyler

Maria
Triple Stumper
    $2000 27
a guanaco

Triple Stumper

Scores at the end of the Double Jeopardy! Round:

Bill Tim Maria
$4,400 $4,200 $16,900
(lock game)

[wagering suggestions for these scores]

Final Jeopardy! Round responses

ON THE GLOBE
(Alex: You would have been helped immensely if you knew where the Gulf of Guinea was.)
...
(Alex: Gulf of Guinea on the west coast of Africa, [*] on the northeast coast of South America.)
TimWhat is Brazil?
$4,200
BillWhat is Brazil
$4,000
MariaWhat is Brazil
$1,100
Brazil

Final scores:

Bill Tim Maria
$8,400 $8,400 $18,000
2nd place: $2,000 3rd place: $1,000 New champion: $18,000

Game dynamics:

Coryat scores:

Bill Tim Maria
$4,400 $7,200 $17,200
12 R,
4 W
13 R,
4 W
(including 1 DD)
21 R
(including 2 DDs),
3 W

Combined Coryat: $28,800

[game clues] [game scores] [suggest correction]

Game tape date: 2005-09-21
The J! Archive is created by fans, for fans. Scraping, republication, monetization, and malicious use prohibited; this site may use cookies and collect identifying information. See terms. The Jeopardy! game show and all elements thereof, including but not limited to copyright and trademark thereto, are the property of Jeopardy Productions, Inc. and are protected under law. This website is not affiliated with, sponsored by, or operated by Jeopardy Productions, Inc. Join the discussion at JBoard.tv.